| 000 | 01395nam a2200313Ia 4500 | ||
|---|---|---|---|
| 003 | GCL | ||
| 008 | 140319s9999 xx 000 0 ara d | ||
| 040 |
_aGCL / _cGCL |
||
| 082 | 0 | 4 |
_aق _b953 _bس ص |
| 100 | 1 | _aعمر الاسكندرانى | |
| 245 | 1 | 0 |
_aصفوة تاريخ مصر والدول العربية / _cعمر الاسكندرانى |
| 700 | 1 | _aسفدج، ا.ج | |
| 700 | 1 | _aسليم حسن الافندى | |
| 700 | 1 | _aالشيخ احمد الاسكندرى | |
| 300 | _a138 ص | ||
| 490 |
_aالهيئة العامة للاستعلامات _v0 |
||
| 650 | 0 | 4 | _aالدولة العباسية |
| 650 | 0 | 4 | _aمصر - تاريخ - العصر الفاطمى ( 969-1171 م ) |
| 650 | 0 | 4 | _aالدولة الاموية (661م - 750م) |
| 650 | 0 | 4 | _aالاسلام - تاريخ - عصر النشأة |
| 650 | 0 | 4 | _aمصر - تاريخ - العصر الطولونى ( 868-905 م ) |
| 650 | 0 | 4 | _aمصر - تاريخ - العصر الاخشيدى ( 943-969 م ) |
| 650 | 0 | 4 | _aمصر - تاريخ - عصر المماليك ( 1250-1517 م ) |
| 650 | 0 | 4 | _aمصر - تاريخ - العصر الحديث (1805 - 1956 ) |
| 650 | 0 | 4 | _aمصر - تاريخ - العصر الايوبى ( 1171-1250 م ) |
| 650 | 0 | 4 | _aالاسلام - تاريخ - الخلفاءالراشدين |
| 650 | 0 | 4 | _aمصر - تاريخ - الحملة الفرنسية (1798-1801م) |
| 942 |
_2ddc _cBK |
||
| 999 |
_c49919 _d49919 |
||